|
|
|
|
| LEADER |
01262nam a22003014a 4500 |
| 001 |
2869 |
| 003 |
BD-DhAAL |
| 005 |
20230524110554.0 |
| 008 |
150218s1999 ctu b 000 0 eng |
| 010 |
|
|
|a 99034944
|
| 020 |
|
|
|a 1565491017 (pbk. : alk. paper)
|
| 040 |
|
|
|a DLC
|c DLC
|d DLC
|d BD-DhAAL
|
| 050 |
0 |
0 |
|a JC337
|b .C55 1999
|
| 082 |
0 |
0 |
|a 301
|2 23
|
| 245 |
0 |
0 |
|a Civil society at the millennium /
|c contributors, Marcus Akuhata-Brown ... [et al.] ; published in cooperation with CIVICUS.
|
| 260 |
|
|
|a West Hartford, Conn. :
|b Kumarian Press,
|c 1999. 2005.
|
| 300 |
|
|
|a xi, 211 pages ;
|c 23 cm.
|
| 504 |
|
|
|a Includes bibliographical references.
|
| 541 |
|
|
|a Donated By Akbar Ali Khan
|e 2869
|
| 650 |
|
0 |
|a Civil society.
|9 8624
|
| 650 |
|
0 |
|a Sociology.
|
| 700 |
1 |
|
|a Akuhata-Brown, Marcus.
|9 8625
|
| 710 |
2 |
|
|a CIVICUS (Association).
|9 8626
|
| 852 |
|
|
|a Ayesha Abed Library
|c General Stacks
|
| 942 |
|
|
|2 ddc
|c BK
|
| 999 |
|
|
|c 33748
|d 33748
|
| 952 |
|
|
|0 0
|1 0
|2 ddc
|4 0
|6 301_000000000000000_CIV
|7 0
|9 52707
|a SCL
|b SCL
|c GEN
|d 2015-02-18
|l 0
|o 301 CIV
|p 3020002869
|r 2015-02-18
|t 1
|w 2015-02-18
|y BK
|
| 952 |
|
|
|0 0
|1 0
|2 ddc
|4 0
|6 301_000000000000000_CIV
|7 1
|9 73683
|a BRACUL
|b BRACUL
|c AAKC
|d 2023-05-24
|e Donated By Akbar Ali Khan
|g 760.00
|l 0
|o 301 CIV
|p 3010041257
|r 2023-05-24
|t 2
|w 2023-05-24
|y BK
|